L'effectif du PSG avant le mercato d'hiver ! - Statistiques

Statistiques générales
  • Ce quiz a été pris 92 fois
  • Le résultat moyen est 21 sur 29
Statistiques - réponses
Hint Réponse % Correct
1 Donnarumma
99%
10 Dembele
94%
5 Marquinhos
94%
29 Barcola
93%
21 Hernandez
90%
8 Ruiz
90%
17 Vitinha
90%
33 Zaire-Emery
89%
2 Hakimi
88%
3 Kimpembe
88%
9 Ramos
88%
39 Safonov
88%
87 Neves
85%
19 Kang-in
83%
25 Nuno Mendes
83%
80 Tenas
83%
14 Doué
80%
11 Asensio
76%
23 Kolo Muani
76%
51 Pacho
76%
35 Beraldo
68%
37 Skriniar
66%
24 Mayulu
65%
42 Zague
52%
49 Mbaye
45%
45 El Hannach
15%
44 Kari
13%
34 Tape
13%
70 Mouquet
12%
Aucun quiz correspondant
Distribution des résultats
% des personnes avec chaque résultat
Percentile par nombre de réponses
Votre historique - résultats
Vous n’avez pas pris ce quiz